[Event "NACHOD NIKI OPEN 2008"]
[Site "Nachod"]
[Date "2008.??.??"]
[Round "8.8"]
[White "Munk, Petr"]
[Black "Velicka, Petr"]
[Result "0-1"]
[WhiteElo "2221"]
[BlackElo "2496"]
[PlyCount "116"]
[EventDate "2008.06.28"]

1. e4 c5 2. Nf3 e6 3. c3 d5 4. exd5 Qxd5 5. d4 Nf6 6. Na3 Be7 7. Bg5 O-O 8. Nb5
a6 9. Nc7 Qe4+ 10. Be2 Ra7 11. d5 Bd6 12. Be3 Bxc7 13. Bxc5 b6 14. Bxf8 Kxf8
15. dxe6 Bxe6 16. O-O Bd5 17. Re1 Nbd7 18. Qd4 Qxd4 19. Nxd4 Ne5 20. Rad1 Nc6
21. Bf3 Bxf3 22. Nxf3 Ra8 23. Nd4 Ne7 24. g3 h5 25. Kg2 g6 26. f4 Ne8 27. Kf3
Nd6 28. b3 Rc8 29. c4 Nb7 30. f5 gxf5 31. Ne2 Nd8 32. Nf4 Bxf4 33. Kxf4 Ne6+
34. Kf3 Nc6 35. Rd6 b5 36. cxb5 axb5 37. Red1 b4 38. Ke3 Ne5 39. Rf1 Rc3+ 40.
Ke2 Ke7 41. Rd5 Nc6 42. Kd2 Ncd4 43. Rc1 Nf3+ 44. Kd1 Re3 45. Rc4 Re1+ 46. Kc2
Re2+ 47. Kd1 Rxa2 48. Rxb4 Rxh2 49. Kc1 Kf6 50. Rc4 Rg2 51. b4 Rxg3 52. b5 h4
53. b6 h3 54. Rc8 h2 55. Rh8 Rg8 56. Rh3 Nf4 57. Rd6+ Ke5 58. Rhh6 h1=Q+ 0-1

[Event "NACHOD NIKI OPEN 2008"]
[Site "Nachod"]
[Date "2008.??.??"]
[Round "8.9"]
[White "Necada, Martin"]
[Black "Spirin, Oleg"]
[Result "0-1"]
[WhiteElo "2142"]
[BlackElo "2430"]
[PlyCount "100"]
[EventDate "2008.06.28"]

1. d4 Nf6 2. Nf3 e6 3. c4 b6 4. g3 Ba6 5. b3 Bb4+ 6. Bd2 Be7 7. Bg2 c6 8. O-O
d5 9. Ne5 Nfd7 10. Nxd7 Nxd7 11. Bc3 O-O 12. Nd2 f5 13. Rc1 Bd6 14. Bb2 Nf6 15.
Nf3 Qe7 16. Ne5 Rac8 17. a3 Ne4 18. f3 Nf6 19. b4 c5 20. dxc5 bxc5 21. b5 Bb7
22. f4 Bxe5 23. Bxe5 Ng4 24. Qb3 Nxe5 25. fxe5 dxc4 26. Qxc4 Bxg2 27. Kxg2 Qb7+
28. Kg1 Qd5 29. Qc3 Rfd8 30. a4 Qe4 31. Rcd1 Rd5 32. a5 Qxe5 33. Qxe5 Rxe5 34.
Rd7 c4 35. Rxa7 Rxb5 36. a6 c3 37. Rb7 Rxb7 38. axb7 Rb8 39. Rc1 Rxb7 40. Rxc3
Kf7 41. e4 Rb1+ 42. Kg2 Rb2+ 43. Kg1 fxe4 44. h3 Kf6 45. Rc5 e3 46. Kf1 Rh2 47.
h4 e2+ 48. Ke1 Rg2 49. Rc3 Kf5 50. Re3 Kg4 0-1

[Event "NACHOD NIKI OPEN 2008"]
[Site "Nachod"]
[Date "2008.??.??"]
[Round "8.10"]
[White "Bauma, Jiri"]
[Black "Gromczak, Dariusz"]
[Result "1/2-1/2"]
[WhiteElo "2278"]
[BlackElo "2087"]
[PlyCount "54"]
[EventDate "2008.06.28"]

1. e4 g6 2. Bc4 Bg7 3. Nf3 e6 4. Nc3 Ne7 5. d4 d5 6. Bb3 c5 7. dxc5 d4 8. Na4
b5 9. cxb6 axb6 10. O-O O-O 11. c3 b5 12. Nc5 dxc3 13. Qe2 Na6 14. Nd3 Nc6 15.
e5 cxb2 16. Bxb2 Bb7 17. Rfd1 Qb6 18. Ng5 Na5 19. Ne4 Bxe4 20. Qxe4 Rfd8 21.
Rac1 Nxb3 22. axb3 Rac8 23. Ba3 Bf8 24. Bxf8 Kxf8 25. Rxc8 Rxc8 26. Ne1 Rd8 27.
Rc1 Qd4 1/2-1/2

[Event "NACHOD NIKI OPEN 2008"]
[Site "Nachod"]
[Date "2008.??.??"]
[Round "8.11"]
[White "Bylino, Oleg"]
[Black "Jirasek, Pavel"]
[Result "0-1"]
[WhiteElo "2170"]
[BlackElo "2277"]
[PlyCount "72"]
[EventDate "2008.06.28"]

1. Nf3 Nf6 2. d4 e6 3. c4 Bb4+ 4. Nbd2 b6 5. a3 Bxd2+ 6. Bxd2 Bb7 7. Bg5 d6 8.
e3 Nbd7 9. Be2 h6 10. Bh4 g5 11. Bg3 Ne4 12. h4 Qf6 13. Qa4 a5 14. O-O-O O-O-O
15. Rhf1 Nxg3 16. fxg3 Qe7 17. b4 axb4 18. axb4 c5 19. Rd2 g4 20. Ne1 Nf6 21.
Bd3 Nh5 22. Rb2 Nxg3 23. Rf4 f5 24. bxc5 bxc5 25. Rxb7 Qxb7 26. Rf2 Kc7 27.
dxc5 Ra8 28. cxd6+ Kxd6 29. c5+ Ke7 30. Qd4 Kf7 31. Rb2 Qc7 32. Bb1 Rhd8 33.
Qc4 Qe5 34. Rb7+ Kf6 35. Nc2 Rac8 36. c6 Rxc6 0-1

[Event "NACHOD NIKI OPEN 2008"]
[Site "Nachod"]
[Date "2008.??.??"]
[Round "8.12"]
[White "Kopta, Pavel"]
[Black "Stepan, Michal"]
[Result "1-0"]
[WhiteElo "2276"]
[BlackElo "2040"]
[PlyCount "73"]
[EventDate "2008.06.28"]

1. d4 Nf6 2. c4 g6 3. Nc3 Bg7 4. e4 d6 5. Nf3 O-O 6. Be2 e5 7. O-O Nbd7 8. Qc2
a5 9. Rd1 Re8 10. Bg5 c6 11. dxe5 dxe5 12. c5 Qe7 13. Na4 h6 14. Bh4 Bf8 15.
Rac1 Kg7 16. Nd2 g5 17. Bg3 h5 18. h4 Ng4 19. hxg5 Qxg5 20. Nf3 Qg6 21. Nh4 Qh7
22. Rd2 Ndf6 23. Nb6 Nxe4 24. Bd3 f5 25. Bxe4 fxe4 26. Nxa8 Qh6 27. Re2 Be7 28.
Rce1 Bxh4 29. Bxh4 Bf5 30. Nb6 Qf4 31. Bg3 Qg5 32. Qc1 Qg6 33. Bh4 e3 34. Rxe3
e4 35. Nc4 Kh7 36. Rg3 Rg8 37. Qf4 1-0

[Event "NACHOD NIKI OPEN 2008"]
[Site "Nachod"]
[Date "2008.??.??"]
[Round "8.13"]
[White "Srejber, Michal"]
[Black "Kizilkaya, Mehmet"]
[Result "0-1"]
[WhiteElo "1959"]
[BlackElo "2235"]
[PlyCount "136"]
[EventDate "2008.06.28"]

1. Nf3 Nf6 2. c4 c5 3. Nc3 g6 4. d4 cxd4 5. Nxd4 Bg7 6. e4 d6 7. Be2 Nc6 8. Nc2
Qb6 9. O-O O-O 10. Rb1 Ne5 11. Ne3 Be6 12. b3 Nc6 13. Bb2 Qa5 14. Kh1 Nd7 15.
Qc1 Nc5 16. f3 Nb4 17. Rd1 Nxa2 18. Nxa2 Qxa2 19. Bxg7 Kxg7 20. Rd2 Qa6 21. b4
Nd7 22. c5 Qc6 23. cxd6 Qxc1+ 24. Rxc1 exd6 25. Rxd6 Rac8 26. Rcd1 Nb6 27. Kg1
Rc3 28. Nd5 Bxd5 29. exd5 Rc2 30. Bf1 Re8 31. Bd3 Rb2 32. Bb5 Rc8 33. Bf1 Rxb4
34. Ra1 Rb2 35. h3 a5 36. Kh2 Rc5 37. Rd1 a4 38. Rd8 a3 39. d6 a2 40. Ra1 Rd5
41. d7 Rb1 42. Rxa2 Rxf1 43. Rb2 Rxd7 44. Rxd7 Nxd7 45. Rxb7 Nf6 46. h4 Rf2 47.
Kh3 Nd5 48. Rb3 Re2 49. g3 Re3 50. Rb5 Nc3 51. Rb3 Rxf3 52. Ra3 Re3 53. Kg4 h5+
54. Kh3 Nd5 55. Ra6 Nf6 56. Kh2 Ne4 57. g4 hxg4 58. h5 Re2+ 59. Kg1 gxh5 60.
Kf1 Rb2 61. Ra4 f5 62. Kg1 h4 63. Ra3 h3 64. Ra7+ Kf6 65. Ra3 Kg5 66. Re3 Kf4
67. Ra3 g3 68. Ra1 Nd2 0-1

[Event "NACHOD NIKI OPEN 2008"]
[Site "Nachod"]
[Date "2008.??.??"]
[Round "8.14"]
[White "Siktanc, Petr"]
[Black "Smid, Jaroslav"]
[Result "1-0"]
[WhiteElo "2182"]
[BlackElo "2046"]
[PlyCount "91"]
[EventDate "2008.06.28"]

1. d4 b5 2. e4 Bb7 3. f3 a6 4. Be3 e6 5. Bd3 d5 6. Nd2 Nf6 7. e5 Nfd7 8. Ne2 c5
9. c3 Nc6 10. f4 cxd4 11. cxd4 Nb4 12. Bb1 g6 13. O-O Nb6 14. Nf3 Rc8 15. a3
Nc6 16. b3 Be7 17. Bd3 b4 18. a4 Na5 19. Qb1 Qd7 20. g4 Rg8 21. Kh1 Rc7 22. h3
Nc8 23. Kh2 f5 24. Rg1 Kf7 25. h4 Qd8 26. Ng5+ Bxg5 27. fxg5 Ne7 28. Bd2 Nac6
29. gxf5 Nxf5 30. Bxf5 gxf5 31. Qd3 a5 32. Ng3 Ne7 33. Nh5 Qc8 34. Nf6 Rg7 35.
Rac1 Rc6 36. Rxc6 Qxc6 37. Rc1 Qb6 38. Qb5 Qxb5 39. axb5 Kf8 40. Rc7 Nc8 41.
Nxh7+ Kg8 42. Nf6+ Kf8 43. Rxg7 Kxg7 44. Ne8+ Kg6 45. Nd6 Na7 46. b6 1-0

[Event "NACHOD NIKI OPEN 2008"]
[Site "Nachod"]
[Date "2008.??.??"]
[Round "8.15"]
[White "Kriz, Lubos"]
[Black "Gurel, Ahmet Unal"]
[Result "0-1"]
[WhiteElo "2175"]
[BlackElo "2020"]
[PlyCount "134"]
[EventDate "2008.06.28"]

1. Nf3 g6 2. Nc3 Bg7 3. b3 c5 4. Bb2 Nc6 5. e4 d6 6. h3 e6 7. Bb5 Nge7 8. d4
cxd4 9. Nxd4 O-O 10. Nxc6 bxc6 11. Bd3 e5 12. O-O Be6 13. Ne2 Qb6 14. Kh1 d5
15. f4 dxe4 16. Bxe4 Rad8 17. Qc1 f5 18. Bd3 e4 19. Bxg7 Kxg7 20. Qa3 Rf7 21.
Ba6 Ng8 22. b4 Rfd7 23. c4 Rd3 24. Qa4 c5 25. bxc5 Qxc5 26. Nc1 Ra3 27. Qb5 Qc7
28. Rb1 Ra5 29. Qb2+ Nf6 30. Bb5 Bxc4 31. Bxc4 Qxc4 32. Nb3 Rad5 33. Rfc1 Qb4
34. Rc7+ R8d7 35. Rcc1 Qe7 36. Rc8 e3 37. Re1 Rd1 38. Rc1 Rxe1+ 39. Rxe1 Kf7
40. Nd4 Kg7 41. Qc3 Qe4 42. Ne2 Qd3 43. Qa1 Kf7 44. Ng1 Rc7 45. Nf3 Qc3 46. Qd1
Kg7 47. Qd6 Ne4 48. Qd8 Rf7 49. Kh2 Nf6 50. Re2 Qc4 51. Qd1 Qxf4+ 52. Kg1 Rd7
53. Qc1 Re7 54. Qc5 Qe4 55. a4 Nd5 56. a5 Nf4 57. Re1 Kh6 58. Qc8 Re8 59. Qd7
Nxh3+ 60. gxh3 Qxf3 61. Qxe8 Qf2+ 62. Kh1 Qxe1+ 63. Kh2 Qf2+ 64. Kh1 e2 65. a6
e1=Q+ 66. Qxe1 Qxe1+ 67. Kg2 Qe2+ 0-1

[Event "NACHOD NIKI OPEN 2008"]
[Site "Nachod"]
[Date "2008.??.??"]
[Round "8.16"]
[White "Novotny, Josef"]
[Black "Kraus, Tomas"]
[Result "1-0"]
[WhiteElo "2169"]
[BlackElo "1988"]
[PlyCount "43"]
[EventDate "2008.06.28"]

1. e3 g6 2. d3 Bg7 3. Nf3 d6 4. Nc3 Nf6 5. Be2 O-O 6. e4 c6 7. Bd2 Nbd7 8. Qc1
Re8 9. Bh6 Bh8 10. h4 Qa5 11. h5 Ng4 12. hxg6 hxg6 13. Bd2 e5 14. Ng5 Nf8 15.
f3 Nf6 16. Nd5 Qd8 17. Rxh8+ Kxh8 18. Nxf7+ Kg7 19. Nxd8 cxd5 20. Bh6+ Kg8 21.
Qg5 N6h7 22. Qh4 1-0

[Event "NACHOD NIKI OPEN 2008"]
[Site "Nachod"]
[Date "2008.??.??"]
[Round "8.17"]
[White "Zizka, Jan"]
[Black "Porat, Maya"]
[Result "0-1"]
[WhiteElo "1907"]
[BlackElo "2156"]
[PlyCount "56"]
[EventDate "2008.06.28"]

1. e4 c5 2. Nf3 d6 3. d4 cxd4 4. Nxd4 Nf6 5. Nc3 g6 6. Be3 Bg7 7. Qd2 Nc6 8. f3
O-O 9. Bc4 Bd7 10. O-O-O Rb8 11. g4 b5 12. Bb3 Na5 13. h4 b4 14. Nd5 Nxb3+ 15.
Nxb3 a5 16. h5 a4 17. Nd4 b3 18. cxb3 axb3 19. a3 Rc8+ 20. Kb1 e5 21. Ne2 Rc2
22. Nxf6+ Qxf6 23. Qd3 Qxf3 24. Nc1 Bc6 25. hxg6 Bxe4 26. gxh7+ Kh8 27. Rde1
Rf2 28. Bxf2 Bxd3+ 0-1

[Event "NACHOD NIKI OPEN 2008"]
[Site "Nachod"]
[Date "2008.??.??"]
[Round "8.18"]
[White "Mojzis, Jan"]
[Black "Schejbal, Josef"]
[Result "1-0"]
[WhiteElo "2146"]
[BlackElo "1873"]
[PlyCount "101"]
[EventDate "2008.06.28"]

1. e4 c5 2. Nf3 Nc6 3. d4 cxd4 4. Nxd4 e5 5. Nb5 d6 6. N1c3 a6 7. Na3 Be7 8.
Nc4 Nf6 9. Be3 Be6 10. Nb6 Rb8 11. f3 O-O 12. Qd2 Ne8 13. O-O-O h6 14. Kb1 Bg5
15. Bxg5 Qxg5 16. Qxg5 hxg5 17. Ncd5 g6 18. Bc4 Rd8 19. c3 Kg7 20. h3 f5 21.
Bd3 Rf7 22. h4 gxh4 23. Rxh4 Nf6 24. Nxf6 Kxf6 25. exf5 gxf5 26. Rh6+ Ke7 27.
Rxe6+ Kxe6 28. Bc4+ Kf6 29. Bxf7 Kxf7 30. Rh1 Rg8 31. Rh7+ Ke6 32. Rh6+ Kf7 33.
Rh7+ Ke6 34. Rh6+ Kf7 35. Nc4 d5 36. Nd6+ Kf8 37. Nxb7 Ne7 38. Nd6 Rxg2 39.
Rf6+ Kg8 40. Nxf5 Nxf5 41. Rxf5 Re2 42. f4 e4 43. Rxd5 Rf2 44. Re5 Rxf4 45. c4
Kf7 46. Kc2 Kf6 47. Ra5 Rf2+ 48. Kc3 e3 49. b3 e2 50. Kd2 Rh2 51. Rxa6+ 1-0

[Event "NACHOD NIKI OPEN 2008"]
[Site "Nachod"]
[Date "2008.??.??"]
[Round "8.19"]
[White "Velecky, Viktor"]
[Black "Hubacek, Ondrej"]
[Result "1-0"]
[WhiteElo "2084"]
[BlackElo "1970"]
[PlyCount "69"]
[EventDate "2008.06.28"]

1. c4 c5 2. Nf3 Nc6 3. d4 cxd4 4. Nxd4 g6 5. e4 Bg7 6. Be3 d6 7. Nc3 Nf6 8. Be2
O-O 9. f3 a6 10. Qd2 Qc7 11. g4 Be6 12. Nxe6 fxe6 13. f4 Rac8 14. g5 Nd7 15.
Bg4 Nd8 16. O-O Bxc3 17. bxc3 Qxc4 18. Rac1 Nc5 19. Bd4 Nxe4 20. Qe3 Nc5 21. h4
Rf7 22. h5 b5 23. Rf2 Kf8 24. hxg6 hxg6 25. Rh2 Ke8 26. Be2 Qa4 27. Bd1 Qc4 28.
Bc2 Rf5 29. Rh6 Kd7 30. Rxg6 Rf8 31. Rg7 Qd5 32. Bf6 Nc6 33. Rd1 Qxa2 34. Qxc5
Qxc2 35. Qxd6+ 1-0

[Event "NACHOD NIKI OPEN 2008"]
[Site "Nachod"]
[Date "2008.??.??"]
[Round "8.20"]
[White "Malec, Jan"]
[Black "Gerych, Jan"]
[Result "1/2-1/2"]
[WhiteElo "2050"]
[BlackElo "2062"]
[PlyCount "41"]
[EventDate "2008.06.28"]

1. d4 Nf6 2. Nf3 e6 3. Bg5 d5 4. c3 Be7 5. e3 O-O 6. Nbd2 b6 7. Ne5 Nfd7 8.
Bxe7 Qxe7 9. Nef3 c5 10. Qc2 Ba6 11. Bxa6 Nxa6 12. O-O Nc7 13. Rfe1 Ne8 14.
Rad1 Nef6 15. e4 cxd4 16. Nxd4 dxe4 17. Nxe4 Rac8 18. Nf5 exf5 19. Nxf6+ Qxf6
20. Rxd7 Rfe8 21. Red1 1/2-1/2

[Event "NACHOD NIKI OPEN 2008"]
[Site "Nachod"]
[Date "2008.??.??"]
[Round "9.1"]
[White "Kulhanek, Tomas"]
[Black "Volosin, Leonid"]
[Result "1/2-1/2"]
[WhiteElo "2399"]
[BlackElo "2434"]
[PlyCount "23"]
[EventDate "2008.06.28"]

1. e4 c5 2. Nc3 e6 3. g3 Nc6 4. Bg2 g6 5. d3 Bg7 6. Be3 d6 7. Qd2 a6 8. Nf3 Nd4
9. O-O Ne7 10. Nd1 O-O 11. Bh6 e5 12. Bxg7 1/2-1/2

[Event "NACHOD NIKI OPEN 2008"]
[Site "Nachod"]
[Date "2008.??.??"]
[Round "9.3"]
[White "Velicka, Petr"]
[Black "Cerveny, Martin"]
[Result "0-1"]
[WhiteElo "2496"]
[BlackElo "2305"]
[PlyCount "168"]
[EventDate "2008.06.28"]

1. e4 c5 2. Nf3 d6 3. d4 cxd4 4. Nxd4 Nf6 5. Nc3 a6 6. Be2 e5 7. Nb3 Be7 8. Bg5
Be6 9. Bxf6 Bxf6 10. Qd3 O-O 11. O-O-O Be7 12. Nd5 a5 13. Kb1 Nc6 14. c3 a4 15.
Nd2 Bxd5 16. exd5 Nb8 17. g4 Nd7 18. Ne4 a3 19. b3 Rc8 20. h4 Nc5 21. Nxc5 Rxc5
22. c4 Qb6 23. Qe4 Qb4 24. Bd3 f5 25. Qe1 Qxe1 26. Rdxe1 fxg4 27. Rh2 Rc7 28.
h5 Rf4 29. Re4 Bg5 30. Rg2 Rcf7 31. Rxg4 Rxg4 32. Rxg4 Bd2 33. Rg2 Be1 34. c5
dxc5 35. d6 Rd7 36. Bc4+ Kf8 37. Rg5 Rxd6 38. Rf5+ Rf6 39. Rxe5 Bxf2 40. b4 Rf4
41. Bb3 c4 42. Bc2 Kf7 43. Bxh7 Kf6 44. Ra5 Bd4 45. Rxa3 Rf2 46. Ra8 Rb2+ 47.
Kc1 Rxb4 48. a4 b6 49. a5 Ra4 50. a6 b5 51. Bg8 Ke5 52. Rb8 Ra5 53. Bf7 Bc5 54.
Kc2 Rxa6 55. Rxb5 Kd4 56. Rb7 Ra2+ 57. Kb1 Re2 58. Rd7+ Kc3 59. Rc7 Kb3 60.
Bxc4+ Kxc4 61. Rxg7 Be3 62. Re7 Kd3 63. h6 Rh2 64. h7 Bd4 65. Rc7 Rb2+ 66. Kc1
Ra2 67. Kd1 Rh2 68. Re7 Rh1+ 69. Re1 Rxh7 70. Re2 Rh1+ 71. Re1 Rh2 72. Re8 Rg2
73. Re7 Ra2 74. Rc7 Ra5 75. Rc8 Ra1+ 76. Rc1 Ra8 77. Rc2 Bc3 78. Rd2+ Kc4 79.
Rd7 Re8 80. Rh7 Re1+ 81. Kc2 Re2+ 82. Kd1 Rd2+ 83. Kc1 Re2 84. Kd1 Re3 0-1

[Event "NACHOD NIKI OPEN 2008"]
[Site "Nachod"]
[Date "2008.??.??"]
[Round "9.4"]
[White "Urbanec, Ladislav"]
[Black "Sergeev, Vladimir"]
[Result "0-1"]
[WhiteElo "2296"]
[BlackElo "2505"]
[PlyCount "56"]
[EventDate "2008.06.28"]

1. e4 Nf6 2. e5 Nd5 3. d4 d6 4. c4 Nb6 5. f4 dxe5 6. fxe5 c5 7. d5 g6 8. Nc3
Bg7 9. Bf4 O-O 10. Qd2 e6 11. O-O-O exd5 12. cxd5 Bg4 13. Re1 c4 14. h3 Bf5 15.
g4 Bd3 16. Bg2 Na6 17. Nge2 Nb4 18. d6 Qd7 19. Nd4 Rfe8 20. a3 Na6 21. h4 Nc5
22. h5 g5 23. Bh2 Qxg4 24. Ncb5 a6 25. Bf3 Qxf3 26. Qxg5 h6 27. Qh4 Qg2 28. Bf4
Nb3+ 0-1

[Event "NACHOD NIKI OPEN 2008"]
[Site "Nachod"]
[Date "2008.??.??"]
[Round "9.5"]
[White "Spirin, Oleg"]
[Black "Jirasek, Pavel"]
[Result "1-0"]
[WhiteElo "2430"]
[BlackElo "2277"]
[PlyCount "69"]
[EventDate "2008.06.28"]

1. d4 Nf6 2. c4 e6 3. Nc3 Bb4 4. e3 b6 5. Nge2 Ba6 6. a3 Bxc3+ 7. Nxc3 d5 8. b3
O-O 9. Be2 dxc4 10. bxc4 Nc6 11. a4 Na5 12. Ba3 Re8 13. Nb5 Nb7 14. O-O Qd7 15.
Qb1 Red8 16. Rd1 c6 17. e4 Ne8 18. Nc3 Na5 19. Qa2 e5 20. c5 Bxe2 21. Nxe2 Nc7
22. Qc2 exd4 23. Nxd4 Qe8 24. Bb4 Ne6 25. Nf5 Nb7 26. cxb6 c5 27. Bc3 axb6 28.
Rd5 f6 29. Qb3 Kh8 30. Qxb6 Rdb8 31. Re1 Nbd8 32. Qd6 Nf7 33. Qg3 Rxa4 34. Nxg7
Nxg7 35. Bxf6 1-0

[Event "+NACHOD NIKI OPEN 2008"]
[Site "Nachod"]
[Date "2008.??.??"]
[Round "9.6"]
[White "Porat, Ido"]
[Black "Pertlova, Sona"]
[Result "1/2-1/2"]
[WhiteElo "2360"]
[BlackElo "2159"]
[PlyCount "88"]
[EventDate "2008.06.28"]

1. d4 Nf6 2. c4 e6 3. g3 d5 4. Nf3 dxc4 5. Bg2 Nc6 6. O-O Rb8 7. Nc3 a6 8. e4
Be7 9. Qe2 Nxd4 10. Nxd4 Qxd4 11. Rd1 Qc5 12. Be3 Qa5 13. Qxc4 O-O 14. e5 Nd7
15. f4 b5 16. Qe2 Nb6 17. a3 b4 18. axb4 Qxb4 19. Na2 Qb5 20. Qxb5 axb5 21.
Rac1 Bb7 22. Rxc7 Bxg2 23. Kxg2 Nc4 24. Ba7 Ra8 25. Rxe7 Rxa7 26. Rxa7 Ne3+ 27.
Kf3 Nxd1 28. b3 h5 29. Ke2 Rd8 30. Rc7 Nf2 31. Nc3 Ng4 32. h3 Nh6 33. Nxb5 Nf5
34. g4 hxg4 35. hxg4 Nd6 36. Nxd6 Rxd6 37. Rc8+ Kh7 38. Rc4 Rd5 39. b4 g5 40.
Kf3 Kg6 41. Ke4 gxf4 42. Kxf4 Rb5 43. Re4 Rd5 44. Kg3 Kg5 1/2-1/2

[Event "NACHOD NIKI OPEN 2008"]
[Site "Nachod"]
[Date "2008.??.??"]
[Round "9.7"]
[White "Cechura, Petr"]
[Black "Sorm, Daniel"]
[Result "1/2-1/2"]
[WhiteElo "2182"]
[BlackElo "2320"]
[PlyCount "119"]
[EventDate "2008.06.28"]

1. e4 c5 2. Nf3 Nc6 3. Nc3 d6 4. d4 cxd4 5. Nxd4 Nf6 6. f3 e5 7. Nb3 Be7 8. Be3
O-O 9. Qd2 a5 10. Nd5 Nxd5 11. exd5 a4 12. Nc1 Nd4 13. Bxd4 exd4 14. Bd3 Qb6
15. Rb1 Ra5 16. O-O Rxd5 17. Ne2 Re5 18. Kh1 Kh8 19. Qf4 Bf5 20. Bxf5 Rxe2 21.
Bd3 Re5 22. c3 Re3 23. Bc2 d3 24. Bxa4 Re2 25. Bb3 Bf6 26. Bc4 Be5 27. Qh4 Rxb2
28. Bxd3 g6 29. Qc4 Kg7 30. f4 Bf6 31. f5 Rxb1 32. Rxb1 Qe3 33. Qe4 Re8 34.
Qxe3 Rxe3 35. Rd1 Bxc3 36. fxg6 hxg6 37. g3 Kf6 38. Kg2 Bb4 39. Bc4 Re7 40.
Rf1+ Kg7 41. Rf2 Rc7 42. Bb3 Bc5 43. Re2 b5 44. h4 b4 45. Kf3 Bd4 46. Rc2 Bc3
47. g4 Rc5 48. Ke4 f5+ 49. Kf3 Kf6 50. gxf5 Rxf5+ 51. Kg4 d5 52. Re2 Re5 53.
Rxe5 Kxe5 54. Bc2 Kd4 55. Kf3 Be1 56. Ke2 Bxh4 57. Bxg6 Kc3 58. Bf7 b3 59. axb3
Kxb3 60. Bxd5+ 1/2-1/2

[Event "NACHOD NIKI OPEN 2008"]
[Site "Nachod"]
[Date "2008.??.??"]
[Round "9.8"]
[White "Karlik, Vladimir"]
[Black "Kopta, Pavel"]
[Result "1/2-1/2"]
[WhiteElo "2317"]
[BlackElo "2276"]
[PlyCount "53"]
[EventDate "2008.06.28"]

1. e4 c5 2. Nc3 Nc6 3. Bb5 g6 4. Bxc6 dxc6 5. d3 Bg7 6. Be3 b6 7. Qd2 Nf6 8.
Bh6 Bxh6 9. Qxh6 Qd4 10. Qd2 e5 11. Nge2 Qd6 12. O-O O-O 13. f4 exf4 14. Rxf4
Kg7 15. Raf1 Ng8 16. Qe3 Qe5 17. d4 cxd4 18. Nxd4 Bd7 19. Nf3 Qe7 20. Qd4+ f6
21. e5 c5 22. Qe3 Bc6 23. exf6+ Rxf6 24. Qxe7+ Nxe7 25. Rxf6 Kxf6 26. Nd4+ Kg7
27. Nxc6 1/2-1/2

[Event "NACHOD NIKI OPEN 2008"]
[Site "Nachod"]
[Date "2008.??.??"]
[Round "9.9"]
[White "Porat, Maya"]
[Black "Bauma, Jiri"]
[Result "0-1"]
[WhiteElo "2156"]
[BlackElo "2278"]
[PlyCount "96"]
[EventDate "2008.06.28"]

1. d4 Nc6 2. c4 e5 3. d5 Nb4 4. Nc3 g6 5. Nf3 Bg7 6. e4 Ne7 7. a3 Na6 8. b4 d6
9. c5 O-O 10. cxd6 cxd6 11. Be2 f5 12. O-O h6 13. Nd2 fxe4 14. Ndxe4 Nf5 15.
Be3 Nxe3 16. fxe3 Rxf1+ 17. Qxf1 Qb6 18. Qf3 Bf5 19. Qg3 Rf8 20. Kh1 Qd8 21.
Bf3 Nc7 22. h3 Ne8 23. Rc1 Nf6 24. Nd2 Kh7 25. e4 Bd7 26. Be2 Ne8 27. Qe3 a6
28. Nc4 h5 29. Rf1 Bh6 30. Qg1 Rxf1 31. Qxf1 Kg7 32. a4 Qh4 33. Nb6 Qg3 34. Qf3
Qe1+ 35. Kh2 Nf6 36. Nxd7 Nxd7 37. b5 h4 38. Bf1 Bf4+ 39. Kh1 Nf6 40. bxa6 bxa6
41. Ne2 Nxe4 42. Qxe4 Qxf1+ 43. Ng1 Qc1 44. g4 Be3 45. Qg2 Qxg1+ 46. Qxg1 Bxg1
47. Kxg1 Kf6 48. Kf2 e4 0-1

[Event "NACHOD NIKI OPEN 2008"]
[Site "Nachod"]
[Date "2008.??.??"]
[Round "9.10"]
[White "Kizilkaya, Mehmet"]
[Black "Mojzis, Jan"]
[Result "1-0"]
[WhiteElo "2235"]
[BlackElo "2146"]
[PlyCount "53"]
[EventDate "2008.06.28"]

1. e4 e6 2. d4 d5 3. Nd2 Nf6 4. e5 Nfd7 5. f4 c5 6. c3 Nc6 7. Ndf3 cxd4 8. cxd4
Qb6 9. g3 Bb4+ 10. Kf2 g5 11. fxg5 Ndxe5 12. Nxe5 Nxe5 13. Kg2 Nc6 14. Nf3 Bf8
15. b3 Bg7 16. Bb2 Bd7 17. Qd2 Rc8 18. Rc1 h6 19. h4 hxg5 20. hxg5 Rxh1 21.
Kxh1 Ne7 22. Rxc8+ Nxc8 23. Qc2 Ne7 24. Qh7 Nf5 25. Qg8+ Bf8 26. Ba3 Nd6 27.
Ne5 1-0

[Event "NACHOD NIKI OPEN 2008"]
[Site "Nachod"]
[Date "2008.??.??"]
[Round "9.11"]
[White "Gromczak, Dariusz"]
[Black "Siktanc, Petr"]
[Result "1/2-1/2"]
[WhiteElo "2087"]
[BlackElo "2182"]
[PlyCount "114"]
[EventDate "2008.06.28"]

1. e4 e6 2. d4 d5 3. Nd2 Nc6 4. c3 dxe4 5. Nxe4 Qd5 6. Ng3 e5 7. Qf3 Qxf3 8.
Nxf3 exd4 9. Nxd4 Nxd4 10. cxd4 Be6 11. a3 O-O-O 12. Be3 Nf6 13. O-O-O Be7 14.
Bd3 g6 15. Ne4 Bd5 16. f3 Rhe8 17. Rhe1 Bb3 18. Bc2 Bxc2 19. Kxc2 Nd5 20. Bf2
c6 21. Nc3 Nxc3 22. Kxc3 Bf6 23. b4 b6 24. Kc4 Kb7 25. Re4 Re7 26. Rde1 Red7
27. Re8 b5+ 28. Kd3 Kc8 29. R1e4 Rd5 30. Rxd8+ Kxd8 31. h4 Kd7 32. g4 h5 33.
Bg3 Bd8 34. g5 a5 35. Be5 axb4 36. axb4 Be7 37. Kc3 Kd8 38. Re2 Bd6 39. f4 Bc7
40. Ra2 Bxe5 41. fxe5 Rd7 42. Ra8+ Kc7 43. Ra7+ Kc8 44. Rxd7 Kxd7 45. Kd3 Ke7
46. Ke4 Ke6 47. d5+ cxd5+ 48. Kd4 Kf5 49. Kxd5 Kg4 50. Kd6 Kxh4 51. Ke7 Kxg5
52. Kxf7 h4 53. e6 h3 54. e7 h2 55. e8=Q h1=Q 56. Qxb5+ Kh6 57. Qc5 Qf3+
1/2-1/2

[Event "NACHOD NIKI OPEN 2008"]
[Site "Nachod"]
[Date "2008.??.??"]
[Round "9.12"]
[White "Herejk, Petr"]
[Black "Tejkal, Jiri"]
[Result "1-0"]
[WhiteElo "2177"]
[BlackElo "2027"]
[PlyCount "55"]
[EventDate "2008.06.28"]

1. e4 c5 2. Nf3 Nc6 3. d4 cxd4 4. Nxd4 Nf6 5. Nc3 d6 6. Bg5 e6 7. Qd2 a6 8.
O-O-O Bd7 9. f4 Be7 10. Nf3 b5 11. Bxf6 gxf6 12. Kb1 Qb6 13. f5 h5 14. g3 Qc5
15. fxe6 fxe6 16. Bh3 O-O-O 17. Ne2 Ne5 18. Nfd4 Nc4 19. Qc3 f5 20. exf5 b4 21.
Qf3 Rdf8 22. Nf4 d5 23. Nfxe6 Qa5 24. Nxf8 Rxf8 25. Nb3 Qa4 26. Qxd5 Na3+ 27.
bxa3 Bc6 28. Qe6+ 1-0

[Event "NACHOD NIKI OPEN 2008"]
[Site "Nachod"]
[Date "2008.??.??"]
[Round "9.13"]
[White "Gurel, Ahmet Unal"]
[Black "Novotny, Josef"]
[Result "1/2-1/2"]
[WhiteElo "2020"]
[BlackElo "2169"]
[PlyCount "128"]
[EventDate "2008.06.28"]

1. g3 e6 2. Bg2 d6 3. c4 Nf6 4. Nc3 Nc6 5. d4 Be7 6. Nf3 Bd7 7. d5 exd5 8. cxd5
Ne5 9. Nd4 a6 10. O-O Qc8 11. Re1 Bh3 12. f4 Bxg2 13. fxe5 dxe5 14. Kxg2 exd4
15. Qxd4 O-O 16. e4 Qg4 17. Be3 Rad8 18. h3 Qd7 19. Rad1 c6 20. Qb6 cxd5 21.
exd5 Rc8 22. d6 Bd8 23. Qd4 b5 24. Kh2 Rc4 25. Qd3 h6 26. Bf4 Re8 27. Rxe8+
Nxe8 28. Nd5 Nf6 29. Ne3 Rc5 30. g4 Qe6 31. Rd2 g5 32. Bg3 Ne4 33. Re2 Nxg3 34.
Kxg3 Re5 35. Kf3 Qxa2 36. Nf5 Rxe2 37. Qxe2 Qd5+ 38. Kg3 Qe6 39. Qc2 Bb6 40.
Qg2 Qe5+ 41. Kf3 Qd5+ 42. Kg3 Qxg2+ 43. Kxg2 Kf8 44. Kf3 Ke8 45. Ke4 Bd8 46.
Nxh6 Bf6 47. b3 a5 48. Kd5 a4 49. bxa4 bxa4 50. Kc4 a3 51. Kb3 Bb2 52. d7+ Kxd7
53. Nxf7 Bc1 54. Ne5+ Ke6 55. Nd3 Be3 56. Kxa3 Kd5 57. Kb3 Ke4 58. Kc4 Kf3 59.
Kd5 Kg3 60. Ke4 Kh4 61. Kf5 Kg3 62. Ne5 Bc1 63. Nf7 Kh4 64. Ne5 Kg3 1/2-1/2

[Event "NACHOD NIKI OPEN 2008"]
[Site "Nachod"]
[Date "2008.??.??"]
[Round "9.14"]
[White "Munk, Petr"]
[Black "Velecky, Viktor"]
[Result "0-1"]
[WhiteElo "2221"]
[BlackElo "2084"]
[PlyCount "61"]
[EventDate "2008.06.28"]

1. e4 e6 2. d4 d5 3. Nd2 c5 4. exd5 exd5 5. Ngf3 Nf6 6. Bb5+ Bd7 7. Qe2+ Be7 8.
dxc5 O-O 9. Nb3 Re8 10. Bxd7 Nbxd7 11. O-O Bxc5 12. Qd1 Bb6 13. Bg5 Re4 14. Re1
Qe8 15. c3 Ng4 16. Nbd4 Nde5 17. Bh4 f6 18. h3 Nxf3+ 19. Nxf3 Rxe1+ 20. Nxe1
Ne5 21. Bg3 Rd8 22. Qb3 Qg6 23. Bxe5 fxe5 24. Rd1 Qf7 25. Nf3 e4 26. Nd4 Rf8
27. Qc2 Qf6 28. Qd2 Qe5 29. Rf1 g5 30. Qe3 h5 31. Nf3 0-1

[Event "NACHOD NIKI OPEN 2008"]
[Site "Nachod"]
[Date "2008.??.??"]
[Round "9.15"]
[White "Hlavac, Frantisek"]
[Black "Bylino, Oleg"]
[Result "1/2-1/2"]
[WhiteElo "2081"]
[BlackElo "2170"]
[PlyCount "33"]
[EventDate "2008.06.28"]

1. e4 c5 2. Nc3 e6 3. g3 d5 4. exd5 exd5 5. d4 Be6 6. Nge2 Nf6 7. Bg2 Nc6 8.
O-O cxd4 9. Nb5 Bc5 10. Nbxd4 Bg4 11. Qd3 O-O 12. c3 Re8 13. Bg5 h6 14. Bxf6
Qxf6 15. Nf4 Rad8 16. h3 Bc8 17. Nb3 1/2-1/2